000 00551nam a2200217Ia 4500
003 OSt
005 20221007074911.0
006 a|||||r|||| 00| 0
007 ta
008 221006b |||||||| |||| 00| 0 eng d
024 _a11,224
037 _cTextual
040 _aFLL
_cFLL
_beng
041 _2eng
_aeng
082 _aT48, M0
245 0 _aUniversities and research
260 _aNew Delhi
_bAssociation of Indian universities India
_c1980
300 _a143p
_ccm.
942 _hT48, M0
_cTEXL
_2CC
999 _c1154081
_d1154081